000 01320cab a2200229 4500
001 X88692
008 090401t1998 xxu||||| |||| 00| 0 eng d
035 _a(Sirsi) u83082
041 _aeng
245 _aChapman Ltd and another v Christopher and another
260 _c1998
350 _a0
490 _aWeekly Law Reports
_v[1998] 1 WLR 12-23(12)
520 _aCA 8 July 1997. The first plaintiffs leased a warehouse and factory from the second plaintiffs which the first defendant negligently set alight, causing damage to the first plaintiff costing £986,696 and to the second plaintiff the sum of £142,516. The first defendant had no assets but was covered by an insurance policy which covered accidential damage to property. The policy limited indeminity for costs resulting from one claim to £1m. The plaintiffs accepted £1m in settlement of all claims against the first defendant but reserved the right to argue that the insurers should be liable in addition for the costs of the action. The insurers were subsequently ordered to pay costs pursuant to Supreme Court Act 1981 s51 and appealed. Held, appeal dismissed.
650 _aDAMAGE
650 _aINSURANCE COMPANY
650 _aLIABILITY
650 _aNEGLIGENCE
690 _aINSURANCE-CASE LAW
942 _n0
948 _c13/01/1998
999 _c52483
_d52483